Fundamentals of digital logic with verilog design 2nd ed. (Record no. 6500)

MARC details
000 -LEADER
fixed length control field 00845nam a22002297a 4500
003 - CONTROL NUMBER IDENTIFIER
control field OSt
005 - DATE AND TIME OF LATEST TRANSACTION
control field 20251127152852.0
008 - FIXED-LENGTH DATA ELEMENTS--GENERAL INFORMATION
fixed length control field 251127b |||||||| |||| 00| 0 eng d
020 ## - INTERNATIONAL STANDARD BOOK NUMBER
International Standard Book Number 978-007-126598-0.
040 ## - CATALOGING SOURCE
Original cataloging agency DWCL-Main lib
Transcribing agency OC
082 ## - DEWEY DECIMAL CLASSIFICATION NUMBER
Edition number 2nd ed.
Classification number Circ. 621.395 B879f 2008
100 ## - MAIN ENTRY--PERSONAL NAME
Personal name Brown, Stephen
245 ## - TITLE STATEMENT
Title Fundamentals of digital logic with verilog design 2nd ed.
Statement of responsibility, etc. Brown, Stephen
260 ## - PUBLICATION, DISTRIBUTION, ETC.
Place of publication, distribution, etc. Singapore :
Name of publisher, distributor, etc. McGraw-Hill Asia,
Date of publication, distribution, etc. c2008.
300 ## - PHYSICAL DESCRIPTION
Extent xix, 935 pages :
Other physical details illustration ;
Dimensions 23 cm. + 1 CD-ROM.
504 ## - BIBLIOGRAPHY, ETC. NOTE
Bibliography, etc. note Includes bibliographical references and index.
650 ## - SUBJECT ADDED ENTRY--TOPICAL TERM
Source of heading or term 1. Computer aided design.
650 ## - SUBJECT ADDED ENTRY--TOPICAL TERM
Source of heading or term 2. Logic circuits-Design and construction-Data processing.
650 ## - SUBJECT ADDED ENTRY--TOPICAL TERM
Source of heading or term 3. Verilog (Computer hardware description language).
700 ## - ADDED ENTRY--PERSONAL NAME
Personal name Vranesic, Zvonko
942 ## - ADDED ENTRY ELEMENTS (KOHA)
Source of classification or shelving scheme Dewey Decimal Classification
Koha item type Book Circulation
Edition 2nd ed.
Call number prefix Circ.
Suppress in OPAC No
952 ## - LOCATION AND ITEM INFORMATION (KOHA)
--
Holdings
Withdrawn status Lost status Source of classification or shelving scheme Damaged status Not for loan Home library Current library Shelving location Date acquired Source of acquisition Total Checkouts Full call number Barcode Date last seen Copy number Price effective from Koha item type Uniform Resource Identifier
    Dewey Decimal Classification     College Library College Library Circulation 06/19/2008 School Fund   Circ. 621.395 B879f 2008 45836 11/27/2025 c1 11/27/2025 BK-CIRC